Statistics for Canadian Prime Ministers by Signature

Click here to take the quiz!

General Stats

  • This quiz has been taken 4 times
  • The average score is 14 of 22

Answer Stats

Answer% Correct
Brian Mulroney
100%
Charles Tupper
100%
Jean Chrétien
100%
Lester B. Pearson
100%
Paul Martin
100%
R. B. Bennett
100%
Stephen Harper
100%
John A. Macdonald
67%
John Diefenbaker
67%
John Turner
67%
Justin Trudeau
67%
Kim Campbell
67%
Louis St. Laurent
67%
Mackenzie Bowell
67%
Pierre Trudeau
67%
Alexander McKenzie
33%
Arthur Meighen
33%
Joe Clark
33%
William Lyon Mackenzie
33%
John Abbott
0%
John Sparrow David Thompson
0%
Robert Borden
0%

Score Distribution

Percentile by Number Answered

Percent of People with Each Score

Your Score History

You have not taken this quiz